| 000 | 00481nam a2200169 a 4500 | ||
|---|---|---|---|
| 001 | 0000-8714 | ||
| 003 | ELIB.Books | ||
| 008 | 110520 1981 | ||
| 035 | _a(ELIB.Books)0000-8860 | ||
| 082 |
_aR _bKit |
||
| 100 | _aKittel, Gerhard | ||
| 245 | _aTheological Dictionary of the New Testament (Vol-IX) | ||
| 260 |
_bGrand Rapids: Wm. B. Eerdmans Publishing Co. _c1981 |
||
| 650 | _aReference | ||
| 942 |
_2ddc _cBK |
||
| 998 |
_cbat _e2011-05-20 _mcat _u2020-05-25 |
||
| 999 |
_c8714 _d8714 |
||